Vermiculture / (Record no. 16954)

MARC details
000 -LEADER
fixed length control field 00987nam a22002297a 4500
008 - FIXED-LENGTH DATA ELEMENTS--GENERAL INFORMATION
fixed length control field 081021t xxu||||| |||| 00| 0 eng d
010 ## - LCCN (DPL NO)
LC control number ENG-91396
020 ## - INTERNATIONAL STANDARD BOOK NUMBER
International Standard Book Number 8187299304
Terms of availability 100.00
035 ## - SYSTEM CONTROL NUMBER
System control number EN-74929
037 ## - SOURCE OF ACQUISITION
Source of stock number/acquisition DBAD / PUB
040 ## - CATALOGING SOURCE
Original cataloging agency dpl
Language of cataloging English
082 ## - DEWEY DECIMAL CLASSIFICATION NUMBER
Classification number 639.75
100 ## - MAIN ENTRY--PERSONAL NAME
Personal name Aruljothiselvi, S.
245 ## - TITLE STATEMENT
Title Vermiculture /
Statement of responsibility, etc by S. Aruljothiselvi
260 ## - PUBLICATION, DISTRIBUTION, ETC. (IMPRINT)
Place of publication, distribution, etc Puducherry
Name of publisher, distributor, etc Puducherry Co-operative Book Society
Date of publication, distribution, etc 2008
270 ## - ADDRESS
Address 17,14th Street, Krishna Nagar,
City Puducherry
Postal code 605008
300 ## - PHYSICAL DESCRIPTION
Extent v, 100p.:
Dimensions 20cm (pbk)
Other physical details ill. ; b&w photos
650 ## - SUBJECT ADDED ENTRY--TOPICAL TERM
Topical term or geographic name as entry element Earthworm culture
942 ## - ADDED ENTRY ELEMENTS (KOHA)
Source of classification or shelving scheme Dewey Decimal Classification
Item type English Books
Call number suffix ARU
Classification part 639.75
Holdings
Withdrawn status Lost status Source of classification or shelving scheme Damaged status Not for loan Collection code Home library Current library Date acquired Source of acquisition Cost, normal purchase price Total Checkouts Full call number Barcode Date last seen Copy number Cost, replacement price Koha item type
    Dewey Decimal Classification   Not For Loan Non-fiction D.B.Act.Division D.B.Act.Division 21/10/2008 DBAD / PUB 100.00   639.75 ARU EN-74929 21/10/2008 1 100.00 English Books
    Dewey Decimal Classification     Non-fiction Vinoba Puri Vinoba Puri 09/03/2009   100.00 1 639.75 ARU B-317806 01/09/2018 1 100.00 English Books

© Delhi Public Library
Hit Counter
free hit counter